| 000 | 01142nam a2200265Ia 4500 | ||
|---|---|---|---|
| 003 | OSt | ||
| 005 | 20210906163417.0 | ||
| 008 | 130821s2001 ck gr spa | ||
| 020 | _a9589279430 | ||
| 040 |
_aCo-BoUCM _bspa _cCO-JMCR |
||
| 041 | 0 | 0 | _aspa |
| 082 | 0 | 4 |
_a338.18 / _bM678d _223 |
| 110 | 2 |
_aMisión Paz _eautor _940052 |
|
| 245 | 1 | 0 |
_aDesarrollo agropecuario y rural La estrategia _cMisión Paz ; Universidad ICESI |
| 260 |
_aCali (Valle, Colombia) : _bUniversidad ICESI : _c2001. |
||
| 300 |
_a195 páginas : _bilustraciones y graficas en blanco y negro ; _c24 cm. |
||
| 504 | _aIncluye bibliografía, listado de siglos y listado de gráficas. | ||
| 505 | 0 | _aBenéficos potenciales de la política. -- Elementos esenciales para una política de desarrollo de los sectores agropecuario y rural. -- Beneficios potenciales de la política propuesta. | |
| 650 | 1 | 4 |
_aAgricultura _98719 |
| 650 | 2 | 4 |
_aAgricultura _xAspectos socioeconómicos _zColombia _98719 |
| 650 | 2 | 4 |
_aDesarrollo agrícola _zColombia _912924 |
| 650 | 2 | 4 |
_aDesarrollo rural _zColombia _912990 |
| 650 | 2 | 4 |
_aPolítica agraria _zColombia _921912 |
| 942 |
_cBK _2ddc |
||
| 999 |
_c12375 _d12375 |
||